Записки врача: Рассказы. Повесть

書誌詳細
第一著者: Вересаев В. В. Викентий Викентьевич
その他の著者: Лидин Вл. (автор предисловия), Зайончковский В. А. (составитель), Рудаков М. Г. (иллюстратор)
言語:ロシア語
出版事項: Тула, Приокское кн. изд-во, 1987
シリーズ:Отчий край
主題:
フォーマット: 図書
KOHA link:https://koha.lib.tpu.ru/cgi-bin/koha/opac-detail.pl?biblionumber=134465

MARC

LEADER 00000nam0a2200000 4500
001 134465
005 20231031135707.0
020 |a RU  |b 87-47103 
035 |a (RuTPU)RU\TPU\book\145763 
090 |a 134465 
100 |a 20080331d1987 m y0rusy5003 ca 
101 0 |a rus 
102 |a RU 
105 |a a z 000ay 
200 1 |a Записки врача  |e Рассказы. Повесть  |f В. В. Вересаев  |g авт. предисл. Вл. Лидин ; сост. В. А. Зайончковский ; худож. М. Г. Рудаков 
210 |a Тула  |c Приокское кн. изд-во  |d 1987 
215 |a 426,[2] с., [1] л. портр.  |c ил.  |d 21 см 
225 1 |a Отчий край 
327 1 |a Содерж.: Записки врача; Из рассказов о японской войне; Рассказы: Загадка; Порыв; Товарищи; На мертвой дороге; Прекрасная Елена; Лизар; В сухом тумане; К спеху, и др. 
610 1 |a советская литература 
610 1 |a повести 
610 1 |a рассказы 
675 |a Р2  |z rus 
700 1 |a Вересаев  |b В. В.  |c русский писатель  |f 1867-1945  |g Викентий Викентьевич  |2 stltpush  |3 (RuTPU)RU\TPU\pers\37670 
702 1 |a Лидин   |b Вл.  |4 080 
702 1 |a Зайончковский  |b В. А.  |4 220 
702 1 |a Рудаков  |b М. Г.  |4 440 
801 0 |a RU  |b RuMRKP  |c 19950417  |g psbo 
801 1 |a RU  |b 63413507  |c 20080331  |g PSBO 
801 2 |a RU  |b 63413507  |c 20161219  |g PSBO 
942 |c BK